The Judge-Twenty One Pilots Lyrics - Statistics

General Stats
  • This quiz has been taken 347 times
  • The average score is 258 of 331
Answer Stats
Answer % Correct
the
99%
I
98%
me
98%
judge
97%
a
96%
no
95%
Oh
95%
oh
95%
So
95%
He
94%
he
94%
You're
94%
free
93%
Set
91%
for
90%
and
88%
And
88%
in
88%
my
88%
know
85%
of
85%
please
83%
When
83%
leader
82%
bad
81%
hear
81%
good
80%
reason
80%
guys
79%
pain
78%
Something
78%
to
78%
As
77%
hide
77%
his
77%
forgot
76%
heard
76%
soft
76%
soul's
76%
door
75%
sang
75%
close
74%
out
74%
secret
74%
take
74%
one
73%
from
72%
Hell's
72%
hell's
72%
soaked
72%
echo
71%
freezing
71%
hideaway
70%
hot
70%
is
70%
Is
70%
place
70%
this
70%
time
70%
way
70%
about
69%
found
69%
it
69%
case
68%
four
68%
insane
68%
Right
68%
wrong
68%
must've
67%
I'm
66%
but
64%
But
64%
him
63%
are
62%
chords
60%
declared
60%
dismal
60%
it's
60%
walls
60%
house
59%
if
59%
lights
58%
one's
58%
can
57%
don't
57%
head
57%
last
57%
lit
57%
not
57%
those
57%
Three
57%
with
57%
fourth
56%
song
56%
or
55%
tell
54%
think
54%
darker
53%
devil
53%
down
53%
than
53%
best
52%
bit
52%
directions
52%
doubt
52%
friends
52%
night's
52%
pro
52%
'cause
51%
cranked
51%
pled
51%
south
50%
behind
48%
heading
48%
at
47%
mouth
46%
surrender
46%
imperfections
45%
inside
45%
stayed
45%
that
45%
lightbulbs
44%
bout
43%
now
43%
probably
43%
should've
43%
drought
42%
wow
42%
clear
40%
route
40%
thinking
39%
loud
38%
revel
38%
mind's
33%
No matching quizzes found
Score Distribution
Percent of People with Each Score
Percentile by Number Answered
Your Score History
You have not taken this quiz